000 00542nam a22002177a 4500
999 _c306
_d306
003 OSt
005 20210319102729.0
008 140801b xxu||||| |||| 00| 0 eng d
020 _a9781403906847
040 _cDLC
082 _a547 KEM 2011
100 _aKemp, William
_922
245 _aOrganic Spectroscopy
250 _a3rd ed.
260 _aIndia :
_bPalgrave;
_c2011.
300 _axxii, 393 p. :
_bill ;
_c22 cm.
504 _aIncludes index
650 _aSpectroscopy
_9807
650 _aOrganic chemistry
_9814
942 _2z
_cB_BANK